Na prvom mieste akcia Bábkové divadlo sa betlehemskou hrou pochlapilo

Bibliographic Details
Main Author: Hybáčková, Beáta (Author)
Corporate Author: Bábkové divadlo v Košiciach (Author)
Format: Article
Language:Slovak
Subjects:

MARC

LEADER 00000nab a2200000 a 4500
001 vtls000891464
003 SK-MaSNL
005 20260305010753.0
008 040720e19940110xo 0 slo
035 |a KE504 
040 |a KEVKJB  |b slo  |c KEVKJB  |e AACR2 
041 0 |a slo 
044 |a xo  |c SK 
080 |a 792.9  |2 1981 
100 1 |a Hybáčková, Beáta  |4 aut  |9 422286 
245 1 0 |a Na prvom mieste akcia  |b Bábkové divadlo sa betlehemskou hrou pochlapilo 
600 1 7 |a Urbánek, Ferko,  |d 1858-1934  |2 KEVKJB  |9 52614 
600 1 7 |a Lopejská, Libuša,  |d 1933-  |2 KEVKJB  |9 222838 
610 2 7 |a Bábkové divadlo v Košiciach  |2 KEVKJB  |9 29577 
650 0 7 |a Jezuliatko (inscenácia)  |2 KEVKJB  |9 1586375 
651 7 |a Košice (Slovensko)  |2 KEVKJB  |9 18694 
710 2 |a Bábkové divadlo v Košiciach  |4 aut  |9 29577 
773 0 8 |t Košický večer  |g Roč. 5  |g Roč. 28, č.5, 10.1.1994, s. 3 
852 |a ZVYKNI  |b KIS3GCP 
999 |c 3248570  |d 3250500